Central Library OPAC University of Rajshahi

সুভাষ বসুর রণনীতি ও কূটনীতি / (Record no. 57964)

MARC details
000 -LEADER
fixed length control field 00884nam a2200229 a 4500
001 - CONTROL NUMBER
control field 57964
003 - CONTROL NUMBER IDENTIFIER
rucl marc code BD-RjUL
005 - DATE AND TIME OF LATEST TRANSACTION
control field 20211209080553.0
008 - FIXED-LENGTH DATA ELEMENTS--GENERAL INFORMATION
fixed length control field 160810s2007 bg ||||| |||| 00| e ben d
020 ## - INTERNATIONAL STANDARD BOOK NUMBER
International Standard Book Number 9840746146
Terms of availability : TK. 130.00
035 ## - SYSTEM CONTROL NUMBER
System control number (BD-RjUL)58088
040 ## - CATALOGING SOURCE
Original cataloging agency BD-RjUL
Language of cataloging ben
Transcribing agency BD-RjUL
Modifying agency BD-RjUL
041 ## - LANGUAGE CODE
Language code of text/sound track or separate title ben
082 ## - DEWEY DECIMAL CLASSIFICATION NUMBER
Edition number 23
Classification number 324.0954
Author mark and year KAS 2007
100 1# - MAIN ENTRY--PERSONAL NAME
Personal name কালাম, আবুল
9 (RLIN) 145062
245 10 - TITLE STATEMENT
Title সুভাষ বসুর রণনীতি ও কূটনীতি /
Statement of responsibility, etc. আবুল কালাম
260 ## - PUBLICATION, DISTRIBUTION, ETC. (IMPRINT)
Place of publication, distribution, etc. ঢাকা :
Name of publisher, distributor, etc. বাংলা একাডেমী,
Date of publication, distribution, etc. ২০০৭.
300 ## - PHYSICAL DESCRIPTION
Pagination [৬], ১৮৯ পৃ. :
Illustrations চিত্র ;
Size ২১ সেমি.
650 ## - SUBJECT ADDED ENTRY--TOPICAL TERM
Topical term or geographic name as entry element রাজনৈতিক প্রক্রিয়া
9 (RLIN) 145063
Geographic subdivision বাংলাদেশ
Topical term or geographic name as entry element Political Process
9 (RLIN) 145064
Geographic subdivision Bangladesh
942 ## - ADDED ENTRY ELEMENTS (KOHA)
Source of classification or shelving scheme Dewey Decimal Classification
Koha item type Books
Holdings
Lost status Source of classification or shelving scheme Damaged status Not for loan Collection code Permanent Location Current Location Shelving location Date acquired Source of acquisition Cost, normal purchase price Total Checkouts Full call number Date last seen Copy number Koha item type
  Dewey Decimal Classification   Not For Loan Non-fiction Central Library, University of Rajshahi Central Library, University of Rajshahi Reading Room 23/08/2009 Bangla Academy, Dhaka. 130.00   B 324.0954 KAS 2007 12/12/2016 C-1 Books